000 00656cas a22002295a 4500
001 L427
008 070608d19912005be mr p 0 a0eng
022 _a1378-2908
035 _a(Sirsi) u99042
041 _aeng
110 2 _aRoyal Institution of Chartered Surveyors
_bBrussels Office
_95181
240 1 _aRICS European Alert
245 0 0 _aEuropean Alert
260 _aBrussels
_bRICS
_c1991-2005
362 0 _aLondon: April 1993-July 2005
362 0 _aEdinburgh: (2) October 1991-May 2005
554 _a12 per year
651 4 _aEurope
690 _aMANAGEMENT-BUSINESS MANAGEMENT-PROFESSIONAL PRACTICE
942 _n0
948 _c19/02/1996
999 _c118630
_d118630